Warhammer 40K - Adeptus Astartes Units - Statistics

General Stats
  • This quiz has been taken 155 times
  • The average score is 35 of 77
Answer Stats
Hint Answer % Correct
Apothecary
70%
Drop Pod
68%
Primaris Chaplain on Bike
61%
Ballistus Dreadnought
60%
Captain in Terminator Armour
60%
Librarian in Terminator Armour
59%
Chaplain in Terminator Armour
58%
Primaris Techmarine
58%
Centurion Devastator Squad
56%
Invader ATV
56%
Primaris Librarian
56%
Rhino
56%
Terminator Squad
56%
Centurion Assault Squad
55%
Company Heroes
55%
Terminator Assault Squad
55%
Venerable Dreadnought
55%
Brutalis Dreadnought
54%
Captain with Jump Pack
54%
Infernus Squad
54%
Outriders
54%
Primaris Chaplain
54%
Assault Intercessor Squad
51%
Captain in Gravis Armour with Master Crafted Bolt Rifle
51%
Primaris Redemptor Dreadnought
51%
Sternguard Veteran Squad
51%
Bladeguard Veterans
50%
Captain with Relic Shield
50%
Devastator Squad
50%
Hammerfall Bunker
50%
Primaris Ancient
50%
Primaris Firestrike Servo-Turret
50%
Vindicator
50%
Whirlwind
50%
Primaris Inceptors
49%
Primaris Librarian in Phobos Armour
49%
Captain in Gravis Armour
48%
Captain in Phobos Armour
48%
Desolation Squad
48%
Intercessor Squad
48%
Tactical Squad
48%
Invictor Tactical Warsuit
46%
Primaris Eradicators
46%
Eliminators
45%
Jump Pack Intercessors
45%
Primaris Hellblasters
45%
Primaris Reivers
45%
Land Raider
44%
Scout Squad Kill Team
44%
Vanguard Veteran Squad
44%
Primaris Aggressors
43%
Razorback
43%
Heavy Intercessors
41%
Primaris Lieutenant with Power Sword
41%
Lieutenant
40%
Primaris Infiltrators
40%
Land Raider Redeemer
38%
Primaris Lieutenant in Reiver Armour
38%
Stormraven Gunship
38%
Lieutenant with Storm Shield
36%
Primaris Captain
36%
Predator Annihilator
35%
Land Raider Crusader
31%
Stormhawk Interceptor
31%
Primaris Incursors
30%
Repulsor Executioner
30%
Gladiator Lancer
29%
Primaris Impulsor
29%
Predator Destructor
28%
Storm Speeder Hailstrike
28%
Stormtalon Gunship
28%
Gladiator Reaper
26%
Phobos Strike Team Kill Team
24%
Primaris Repulsor
24%
Storm Speeder Hammerstrike
21%
Gladiator Valiant
19%
Storm Speeder Thunderstrike
19%
No matching quizzes found
Score Distribution
Percent of People with Each Score
Percentile by Number Answered
Your Score History
You have not taken this quiz